000
00288nam a22001217a 4500
082
_a
625.7
_b
LEE
_c
L-tech, p-91
100
_a
Leeming, E.L
_9
43577
245
_a
Raod Engineering
260
_a
Sydney
526
_a
0
_b
0
_c
0
_d
625_700000000000000_LEE
650
_a
MCE
_9
379
942
_2
ddc
_c
BK
999
_c
547373
_d
547373